| 000 | 00449nam a2200157 i 4500 | ||
|---|---|---|---|
| 001 | 44948 | ||
| 003 | ES-MaACL | ||
| 005 | 20230906161126.0 | ||
| 007 | t| | ||
| 008 | 030324s1903 xxu ||||1| eng d | ||
| 100 | 1 |
_aCoar, John Firman. _939324 |
|
| 245 | 1 | 0 |
_aStudies in German literature in the nineteenth century / _cJohn Firman Coar. |
| 260 |
_aNew York : _bMacmillan and CÂș, _c1903. |
||
| 300 |
_a401 p. ; _c23 cm. |
||
| 852 |
_aES-MaACL _jF-1747 |
||
| 999 |
_c44948 _d44948 |
||